|
|
|
|
| LEADER |
01262nam a22003254a 4500 |
| 001 |
39622 |
| 003 |
BD-DhAAL |
| 008 |
220920r20192006fluab b 001 0 eng d |
| 999 |
|
|
|c 44049
|d 44049
|
| 010 |
|
|
|a 2005050561
|
| 020 |
|
|
|a 9780367453978 (pbk)
|
| 020 |
|
|
|a 9780849328947 (hbk)
|
| 020 |
|
|
|a 0849328942 (alk. paper)
|
| 040 |
|
|
|a DLC
|c DLC
|d DLC
|d BD-DhAAL
|
| 042 |
|
|
|a pcc
|
| 050 |
0 |
0 |
|a GB656.2.E43
|b H92 2006
|
| 082 |
0 |
0 |
|a 551.480285
|2 22
|
| 245 |
0 |
0 |
|a Hydroinformatics :
|b data integrative approaches in computation, analysis, and modeling /
|c edited by Praveen Kumar ... [et al.].
|
| 260 |
|
|
|a Boca Raton :
|b CRC Press,
|c c2006 [2019].
|
| 300 |
|
|
|a xviii, 534 pages :
|b illustrations, maps ;
|c 26 cm.
|
| 504 |
|
|
|a Includes bibliographical references and index.
|
| 526 |
|
|
|a PPDM, ARC
|
| 541 |
|
|
|a Book Finder International
|e 39622
|
| 650 |
|
0 |
|a Hydrology
|x Data processing.
|9 51409
|
| 650 |
|
0 |
|a Geology.
|9 51410
|
| 650 |
|
0 |
|a Earth sciences.
|9 51411
|
| 700 |
1 |
|
|a Kumar, Praveen.
|9 51412
|
| 852 |
|
|
|a Ayesha Abed Library
|c General Stacks
|
| 942 |
|
|
|2 ddc
|c BK
|
| 952 |
|
|
|0 0
|1 0
|2 ddc
|4 0
|6 551_480285000000000_HYD
|7 0
|9 71857
|a BRACUL
|b BRACUL
|c GEN
|d 2022-09-12
|e Book Finder International
|g 3799.21
|l 0
|o 551.480285 HYD
|p 3010039622
|r 2022-09-12
|t 1
|v 3799.21
|w 2022-09-12
|y BK
|